[Event "SRB-ch sf"]
[Site "Belgrade"]
[Date "2016.03.29"]
[Round "9"]
[White "Livaja, Mario"]
[Black "Andrejic, Vladica"]
[Result "0-1"]
[WhiteElo "2229"]
[BlackElo "2284"]
[PlyCount "128"]
[EventDate "2016.03.21"]
[EventType "swiss"]
[EventRounds "9"]
[EventCountry "SRB"]
[SourceTitle "CBM 171 Extra"]
[Source "ChessBase"]
[SourceDate "2016.04.26"]
[SourceVersion "1"]
[SourceVersionDate "2016.04.26"]
[SourceQuality "1"]

1. e4 e5 2. Nf3 Nc6 3. Bc4 Nf6 4. 0-0 Bc5 5. c3 Nxe4 6. d4 d5 7. Bb5 exd4 8. Nxd4 Bd7 9. Nb3 Ne7 10. Bxd7+ Qxd7 11. Nxc5 Nxc5 12. Be3 Ne6 13. f4 g6 14. Nd2 Nf5 15. Bf2 Nxf4 16. Qf3 Ne6 17. g4 Nfg7 18. Bh4 h5 19. Rad1 hxg4 20. Qxg4 Nf5 21. Bf6 Rh5 22. Rfe1 Qd6 23. Nf3 Kf8 24. Ne5 Neg7 25. Qf3 c6 26. Re2 Kg8 27. Ng4 Ne8 28. Be5 Qf8 29. Rde1 f6 30. Bf4 Ned6 31. Rg2 Nh4 32. Qd3 Ne4 33. Rge2 Re8 34. Kh1 Nf5 35. h3 Re6 36. Kg2 Nh4+ 37. Kh1 g5 38. Bg3 Ng6 39. Rxe4 dxe4 40. Rxe4 Rxe4 41. Qxe4 Rxh3+ 42. Kg2 Rxg3+ 43. Kxg3 Qd6+ 44. Kf2 Qd2+ 45. Kg1 Qc1+ 46. Kf2 Qxb2+ 47. Kf1 Qc1+ 48. Ke2 Nf4+ 49. Kf2 Qd2+ 50. Kg3 Qxc3+ 51. Kf2 Qd2+ 52. Kg3 Nh5+ 53. Kh3 Qd3+ 54. Qxd3 Nf4+ 55. Kg3 Nxd3 56. Nxf6+ Kf7 57. Ne4 Kg6 58. Nd6 b5 59. Nc8 Ne5 60. Nxa7 Kf5 61. Nc8 Ke6 62. Nb6 Kd6 63. a4 Kc7 64. a5 Nc4 0-1

[Event "SRB-ch sf"]
[Site "Belgrade"]
[Date "2016.03.27"]
[Round "7"]
[White "Govedarica, Radovan"]
[Black "Andrejic, Vladica"]
[Result "1/2-1/2"]
[WhiteElo "2339"]
[BlackElo "2284"]
[PlyCount "79"]
[EventDate "2016.03.21"]
[EventType "swiss"]
[EventRounds "9"]
[EventCountry "SRB"]
[SourceTitle "CBM 171 Extra"]
[Source "ChessBase"]
[SourceDate "2016.04.26"]
[SourceVersion "1"]
[SourceVersionDate "2016.04.26"]
[SourceQuality "1"]

1. e4 c5 2. Nf3 e6 3. c3 Nf6 4. e5 Nd5 5. d4 cxd4 6. Qxd4 Nc6 7. Qe4 d6 8. Nbd2 dxe5 9. Nxe5 Nf6 10. Nxc6 Qb6 11. Qf3 Qxc6 12. Qxc6+ bxc6 13. Be2 Bd6 14. Bf3 Bd7 15. Nc4 Bc7 16. Be3 0-0 17. Bc5 Rfb8 18. 0-0-0 Nd5 19. Bd6 Bxd6 20. Nxd6 Kf8 21. c4 Nf6 22. Ne4 Ke7 23. Nxf6 gxf6 24. Rd2 Rg8 25. Rhd1 Be8 26. Rd3 Rc8 27. Ra3 Rc7 28. Ra5 Rg5 29. c5 f5 30. h4 Rg6 31. Re1 f6 32. Re3 e5 33. Rea3 e4 34. Rxa7 Rxa7 35. Rxa7+ Bd7 36. Be2 Rxg2 37. b4 Kd8 38. Ra8+ Kc7 39. Ra7+ Kd8 40. Ra8+ 1/2-1/2

[Event "SRB-ch sf"]
[Site "Belgrade"]
[Date "2016.03.25"]
[Round "5"]
[White "Andrejic, Vladica"]
[Black "Andjelkovic, Milija"]
[Result "1-0"]
[WhiteElo "2284"]
[BlackElo "1976"]
[PlyCount "145"]
[EventDate "2016.03.21"]
[EventType "swiss"]
[EventRounds "9"]
[EventCountry "SRB"]
[SourceTitle "CBM 171 Extra"]
[Source "ChessBase"]
[SourceDate "2016.04.26"]
[SourceVersion "1"]
[SourceVersionDate "2016.04.26"]
[SourceQuality "1"]

1. d4 Nf6 2. c4 e5 3. dxe5 Ng4 4. Nf3 Bc5 5. e3 Nc6 6. Be2 Ngxe5 7. Nxe5 Nxe5 8. 0-0 0-0 9. Nc3 a6 10. b3 d6 11. Bb2 Kh8 12. Nd5 f5 13. b4 Ba7 14. Rc1 c6 15. Nf4 Qe7 16. Bd4 b6 17. b5 Bb7 18. bxc6 Bxc6 19. Nd5 Bxd5 20. cxd5 b5 21. a4 Qb7 22. axb5 axb5 23. Rb1 b4 24. Bxa7 Rxa7 25. Qd4 Ra5 26. Rxb4 Qxd5 27. Rd1 Qxd4 28. Rbxd4 Nf7 29. Bc4 g6 30. Bxf7 Rxf7 31. g3 Kg7 32. Rxd6 Raa7 33. Kg2 Rfc7 34. R1d2 Re7 35. h4 Kh6 36. Kf3 Kh5 37. R2d4 Rac7 38. R6d5 Kh6 39. g4 fxg4+ 40. Kxg4 Rc2 41. Rf4 Rc1 42. Kf3 Rc6 43. Rdd4 Rc5 44. Rde4 Rd7 45. Re6 Kh5 46. Ref6 Rcc7 47. Kg3 Re7 48. Rd4 Rc5 49. Rfd6 Kh6 50. Rd7 Rce5 51. Rxe7 Rxe7 52. Kg4 Kg7 53. e4 h5+ 54. Kf4 Rf7+ 55. Ke3 Ra7 56. e5 Ra3+ 57. Kf4 Kh6 58. e6 Kg7 59. Re4 Ra8 60. e7 Kf7 61. Kg5 Re8 62. f4 Kg7 63. Re6 Kf7 64. Rxg6 Rxe7 65. Kxh5 Re1 66. Rg3 Kf6 67. Kg4 Rf1 68. h5 Rh1 69. Rh3 Rg1+ 70. Kf3 Kf5 71. h6 Rg8 72. h7 Rh8 73. Rh6 1-0